000 00291nam a22001337a 4500
082 _a920
_bMUR/B
100 _aKRISHNA,MURTHY Y
245 _aBENEFACTORS OF MANKIND
250 _aFIRST
260 _aCHENNAI
_bSURA BOOKS
_c2004
300 _a88
650 _aBIOGRAPHIES
_zCHENNAI
942 _cBK
999 _c6447
_d6447